000 00304pam a2200133 a 4500
020 _c
041 _h
082 _a743.6
_bNEW
100 _aJonathan Newey.
245 _aHow to Draw Wild Animals
_hTextual Documents
260 _a[s.l]:
_bSearch Press,
_c2015.
300 _a32:
_bpaper.
930 _a7970
999 _c241760
_d241760